| 000 | 01509cam a2200385 a 4500 | ||
|---|---|---|---|
| 001 | 4414119 | ||
| 003 | OSt | ||
| 005 | 20140310181727.0 | ||
| 008 | 930702r1992nyu b 000 1 eng | ||
| 010 | _a 93011713 | ||
| 020 |
_a0140177388 _c$8.95 ($11.99 Can.) |
||
| 040 |
_aDLC _cDLC _dDLC |
||
| 043 | _an-us-ca | ||
| 050 | 1 | 0 |
_aPS 3537 _b.St819 1992 |
| 082 | 0 | 0 |
_aIB 808.83 _bSt3c 1992 |
| 100 | 1 |
_aSteinbeck, John, _d1902-1968. |
|
| 245 | 1 | 0 |
_aCannery row / _cJohn Steinbeck ; with an introduction by Susan Shillinglaw. |
| 260 |
_aNew York, N.Y., U.S.A. : _bPenguin Books, _c1992. |
||
| 300 |
_axxx, 185 p. ; _c20 cm. |
||
| 440 | 0 | _aPenguin twentieth-century classics | |
| 504 | _aIncludes bibliographical references (p. [xxix]-xxx). | ||
| 521 | _aI9B students | ||
| 541 | _j1 | ||
| 562 | _efor circulation. 1 copy available in the collection | ||
| 650 | 0 |
_aMarine biologists _xFiction. |
|
| 650 | 0 |
_aCommunity life _xFiction. |
|
| 651 | 0 |
_aCannery Row (Monterey, Calif.) _xFiction. |
|
| 651 | 0 |
_aMonterey (Calif.) _xFiction. |
|
| 655 | 7 |
_aLove stories. _2gsafd |
|
| 856 | 4 | 2 |
_3Publisher description _uhttp://www.loc.gov/catdir/enhancements/fy0716/93011713-d.html |
| 856 | 4 | 2 |
_3Contributor biographical information _uhttp://www.loc.gov/catdir/enhancements/fy0716/93011713-b.html |
| 906 |
_a7 _bcbc _corignew _d1 _eocip _f19 _gy-gencatlg |
||
| 942 |
_2lcc _cIB _kIB |
||
| 999 |
_c2240 _d2240 |
||